Conflictos socioambientales e interťnicos

Bibliographic Details
Main Author: Eguiguren Riofro̕, Mara̕ Beatriz
Format: eBook
Language:Spanish
Published: Madrid: Dykinson, 2021
Subjects:
Online Access:Acceso restringido

MARC

LEADER 00000nam a22000007a 4500
005 20220817231455.0
007 cr|||| ||||
008 220817s2021 ea |||||s|||| 00||0 spa d
020 |a 978-84-1377-944-7 
035 |a 36509 
040 |a vLex 
090 |c 13742  |d 13742 
100 1 |a Eguiguren Riofro̕, Mara̕ Beatriz 
245 1 0 |a Conflictos socioambientales e interťnicos  |h [Recurso electrn̤ico] /  |c Mara̕ Beatriz Eguiguren Riofro̕ 
256 |a Servicio en ln̕ea 
260 |a Madrid:  |b Dykinson,  |c 2021 
300 |a 1 recurso electrn̤ico 
500 |a Durante los l︢timos aǫs el Ecuador ha experimentado diversos cambios, los cuales modifican permanentemente el escenario social (econm̤ico, polt̕ico y cultural) y ambiental, factores que adems̀ se encuentran supeditados a fuerzas externas a nivel regional, nacional y mundial. Desde la perspectiva socioambiental e interťnica podemos observar algunos cambios jurd̕icos institucionales, que se han dado desde el proceso de reforma de la Constitucin̤ 2008, reconociendo a la Naturaleza como sujeto de derechos. Sin embargo, pese a tener un nuevo marco legal que permite un equilibrio entre el ser humano y la naturaleza, an︢ estamos lejos de lograrlo, pues en la prc̀tica muchas polt̕icas y acciones se contradicen con los enunciados de la nueva Constitucin̤, por lo tanto, ah ̕reside el gran desafo̕ para lograr acciones concretas de cambio en cuanto a la conflictividad socioambiental y la justicia desde una p̤tica intercultural que reconoce a la naturaleza como sujeto de derechos y los derechos colectivos de los pueblos y nacionalidades. El presente libro es el resultado de un trabajo de investigacin̤ desarrollado en el Observatorio de Conflictos Socioambientales (OBSA) y el Grupo de investigacin̤ Paz, ambiente y sociedad de la Universidad Tčnica Particular de Loja (Loja, Ecuador), el cual analiza y problematiza cm̤o y por qu ̌se originan los conflictos socioambientales e interťnicos en el centro Shuar Miazi del Alto Nangaritza de la provincia de Zamora Chinchipe. As ̕mismo, aporta a la construccin̤ de una Cultura de paz, mediante la aplicacin̤ de la propuesta de monitoreo de conflictos a travš del Sistema de Alerta Temprana (SAT), que permitir ̀reducir la escalada del conflicto y disminuir los niveles de violencia. 
506 1 |a Disponible solo en los productos indicados  |d vLex Global  |d vLex Global (Academic Edition, excluding Law Schools)  |d vLex Global (U.S. Academic Edition, Law Schools)  |d vLex Global (U.S. Academic Edition, excluding Law Schools)  |d vLex Global (Academic Edition, Law Schools) 
650 0 4 |a Derecho Civil  |z Espaą 
650 0 4 |a Derecho del Medio Ambiente  |z Espaą 
650 0 4 |a Derecho Internacional  |z Espaą 
740 0 |a vLex Libros (Servicio en ln̕ea) 
856 4 0 |u https://app.vlex.com/#/sources/36509  |z Acceso restringido 
942 |c BOOK 
999 0 |a Civil Law 
999 0 |a Environmental Law 
999 0 |a International Law